[Event "American Continental 14th"]
[Site "Montevideo"]
[Date "2018.06.04"]
[Round "5"]
[White "Torres Acosta, Raul"]
[Black "Podesta, Sofia"]
[Result "1-0"]
[WhiteElo "1676"]
[BlackElo "1195"]
[PlyCount "85"]
[EventDate "2018.06.01"]
[EventType "swiss"]
[EventRounds "11"]
[EventCountry "URU"]
[SourceTitle "CBM 184 Extra"]
[Source "ChessBase"]
[SourceDate "2018.06.28"]
[SourceVersion "1"]
[SourceVersionDate "2018.06.28"]
[SourceQuality "1"]

1. e4 e6 2. d4 d5 3. Nc3 Bb4 4. exd5 Qxd5 5. Bd2 Qxd4 6. Nf3 Qd6 7. Be2 Nf6 8. 0-0 0-0 9. Nb5 Qe7 10. Bxb4 Qxb4 11. Nxc7 Qxb2 12. Nxa8 Qc3 13. Qd4 Qxc2 14. Bd3 Qc6 15. Rfc1 Qd5 16. Qc3 b6 17. Nc7 Qd7 18. Bb5 Qe7 19. Bd3 a6 20. Ne5 h6 21. Qd4 b5 22. Qb6 Nbd7 23. Nxd7 Nxd7 24. Qe3 Qd6 25. Be4 Ne5 26. Qa7 Rd8 27. g3 Nc4 28. Rd1 Qxd1+ 29. Rxd1 Rxd1+ 30. Kg2 Nd6 31. Bf3 Rd2 32. Qc5 Nc4 33. Nxb5 axb5 34. Qxc8+ Kh7 35. Qc5 Rxa2 36. Be4+ f5 37. Bf3 Rb2 38. Bh5 e5 39. Qa7 f4 40. Qf7 Ne3+ 41. Kh3 Nf5 42. Bg6+ Kh8 43. Qf8# 1-0

[Event "American Continental 14th"]
[Site "Montevideo"]
[Date "2018.06.03"]
[Round "3"]
[White "Torres Acosta, Raul"]
[Black "Restuccia, Francisco"]
[Result "0-1"]
[WhiteElo "1676"]
[BlackElo "2094"]
[PlyCount "54"]
[EventDate "2018.06.01"]
[EventType "swiss"]
[EventRounds "11"]
[EventCountry "URU"]
[SourceTitle "CBM 184 Extra"]
[Source "ChessBase"]
[SourceDate "2018.06.28"]
[SourceVersion "1"]
[SourceVersionDate "2018.06.28"]
[SourceQuality "1"]

1. e4 c5 2. d4 cxd4 3. c3 dxc3 4. Nxc3 Nc6 5. Nf3 d6 6. Bc4 a6 7. 0-0 Nf6 8. Be3 e6 9. Re1 Be7 10. e5 dxe5 11. Qxd8+ Bxd8 12. Bc5 Nd7 13. Bd6 Be7 14. Bxe5 Ndxe5 15. Nxe5 Nxe5 16. Rxe5 Bf6 17. Re3 0-0 18. Rd1 b5 19. Bb3 Bb7 20. Rd7 Bc6 21. Rd6 Rfc8 22. Kf1 g6 23. Rd1 a5 24. Ree1 a4 25. Bc2 b4 26. Ne4 Bxb2 27. Rb1 Bb5+ 0-1

[Event "Montevideo Duchamp Cup 2nd"]
[Site "Montevideo"]
[Date "2018.02.08"]
[Round "9"]
[White "Torres Acosta, Raul"]
[Black "Manteiga, Franco"]
[Result "1-0"]
[WhiteElo "1686"]
[BlackElo "1428"]
[PlyCount "61"]
[EventDate "2018.02.02"]
[EventType "swiss"]
[EventRounds "9"]
[EventCountry "URU"]
[SourceTitle "CBM 182 Extra"]
[Source "ChessBase"]
[SourceDate "2018.02.23"]
[SourceVersion "1"]
[SourceVersionDate "2018.02.23"]
[SourceQuality "1"]

1. e4 c5 2. d4 cxd4 3. c3 dxc3 4. Nxc3 Nc6 5. Nf3 a6 6. Bd3 e6 7. 0-0 d6 8. Bf4 Nf6 9. a3 Be7 10. Qc2 e5 11. Bg5 0-0 12. Rad1 Be6 13. Bh4 h6 14. h3 Rc8 15. Qb1 Qd7 16. Nd5 Bxd5 17. exd5 Nxd5 18. Bf5 Qc7 19. Bxc8 Nc3 20. bxc3 Bxh4 21. Nxh4 Rxc8 22. Qd3 Qa5 23. Ra1 Qa4 24. Nf5 Qb3 25. Qg3 g6 26. Nxh6+ Kh7 27. Qh4 Qe6 28. Nxf7+ Kg7 29. Ng5 Qg8 30. f4 Qd5 31. Qh7+ 1-0

[Event "Montevideo Duchamp Cup 2nd"]
[Site "Montevideo"]
[Date "2018.02.02"]
[Round "1"]
[White "Palencia Morales, Wilson Guillermo"]
[Black "Torres Acosta, Raul"]
[Result "1-0"]
[WhiteElo "2244"]
[BlackElo "1686"]
[PlyCount "55"]
[EventDate "2018.02.02"]
[EventType "swiss"]
[EventRounds "9"]
[EventCountry "URU"]
[SourceTitle "CBM 182 Extra"]
[Source "ChessBase"]
[SourceDate "2018.02.23"]
[SourceVersion "1"]
[SourceVersionDate "2018.02.23"]
[SourceQuality "1"]

1. d4 e6 2. e4 d5 3. Nc3 Be7 4. Nf3 Nf6 5. Bd3 dxe4 6. Nxe4 Nbd7 7. 0-0 0-0 8. c3 Nxe4 9. Bxe4 Nf6 10. Qe2 Nxe4 11. Qxe4 Rb8 12. Bf4 Bd6 13. Ng5 g6 14. Bd2 Qf6 15. f4 Bd7 16. Qe3 Bc6 17. Qh3 Qg7 18. Rae1 Rfe8 19. Nf3 Rbd8 20. Ne5 Bb5 21. Rf3 f6 22. Ng4 Bd7 23. Qh4 Be7 24. Ne3 Bc6 25. Rf2 b6 26. f5 e5 27. dxe5 fxe5 28. Qc4+ 1-0

[Event "URU-chT Provinces"]
[Site "Montevideo"]
[Date "2017.08.26"]
[Round "4.3"]
[White "Pelaez, Diego"]
[Black "Torres Acosta, Raul"]
[Result "0-1"]
[WhiteElo "1692"]
[BlackElo "1687"]
[PlyCount "52"]
[EventDate "2017.08.25"]
[EventType "team-swiss"]
[EventRounds "5"]
[EventCountry "URU"]
[SourceTitle "EXT 2019"]
[Source "ChessBase"]
[SourceDate "2018.10.10"]
[SourceVersion "1"]
[SourceVersionDate "2018.10.10"]
[SourceQuality "1"]
[WhiteTeam "Rivera"]
[BlackTeam "Montevideo VII"]
[WhiteTeamCountry "URU"]
[BlackTeamCountry "URU"]

1. d4 Nf6 2. c4 e6 3. Nf3 d5 4. Bg5 Be7 5. e3 c6 6. cxd5 exd5 7. Bd3 Be6 8. 0-0 0-0 9. Nc3 Nbd7 10. Rc1 Rc8 11. Bb1 Re8 12. a3 a6 13. Nd2 Nf8 14. f4 Ng4 15. Bxe7 Qxe7 16. Qf3 Bd7 17. e4 dxe4 18. Ncxe4 f5 19. Ba2+ Be6 20. Bxe6+ Nxe6 21. Ng3 Nxd4 22. Qc3 Qh4 23. Qc4+ Kh8 24. h3 Qxg3 25. hxg4 Ne2+ 26. Kh1 Qh4# 0-1

[Event "URU-chT Provinces"]
[Site "Montevideo"]
[Date "2017.08.26"]
[Round "3.3"]
[White "Torres Acosta, Raul"]
[Black "Barla, Rafael"]
[Result "0-1"]
[WhiteElo "1687"]
[BlackElo "1803"]
[PlyCount "86"]
[EventDate "2017.08.25"]
[EventType "team-swiss"]
[EventRounds "5"]
[EventCountry "URU"]
[SourceTitle "EXT 2019"]
[Source "ChessBase"]
[SourceDate "2018.10.10"]
[SourceVersion "1"]
[SourceVersionDate "2018.10.10"]
[SourceQuality "1"]
[WhiteTeam "Montevideo VII"]
[BlackTeam "Maldonado"]
[WhiteTeamCountry "URU"]
[BlackTeamCountry "URU"]

1. e4 d6 2. d4 Nf6 3. Nc3 g6 4. Nf3 Bg7 5. Be3 Nbd7 6. Bc4 0-0 7. Qe2 c6 8. 0-0 b5 9. Bd3 Re8 10. Rad1 Qc7 11. a3 Bb7 12. h3 a6 13. Qd2 c5 14. d5 c4 15. Be2 Nc5 16. Bxc5 Qxc5 17. Qd4 Qc7 18. Qd2 Nd7 19. Nh2 Rf8 20. f3 a5 21. Nxb5 Qc5+ 22. Nd4 Ba6 23. c3 Ne5 24. Ng4 Nd3 25. Nf2 Bxd4 26. cxd4 Qxd4 27. Bxd3 cxd3 28. Kh1 Rfb8 29. Rb1 a4 30. Nd1 Rb3 31. Nc3 Rab8 32. Rfc1 h5 33. Nd1 Kg7 34. Nc3 f6 35. g3 g5 36. Kg2 g4 37. hxg4 hxg4 38. fxg4 Rxc3 39. bxc3 Qxe4+ 40. Kf2 Rh8 41. Rh1 Rxh1 42. Rxh1 Qxh1 43. Qe3 Qh2+ 0-1

[Event "URU-chTB"]
[Site "Uruguay"]
[Date "2017.07.08"]
[Round "4.1"]
[White "Ulaneo, Matias"]
[Black "Torres Acosta, Raul"]
[Result "1-0"]
[WhiteElo "2017"]
[BlackElo "1687"]
[PlyCount "89"]
[EventDate "2017.07.07"]
[EventType "team-swiss"]
[EventRounds "5"]
[EventCountry "URU"]
[SourceTitle "EXT 2018"]
[Source "ChessBase"]
[SourceDate "2017.10.13"]
[SourceVersion "1"]
[SourceVersionDate "2017.10.13"]
[SourceQuality "1"]
[WhiteTeam "Paysandu II"]
[BlackTeam "Cerro III"]
[WhiteTeamCountry "URU"]
[BlackTeamCountry "URU"]

1. c4 Nf6 2. g3 e6 3. Bg2 d5 4. Nf3 Bc5 5. d4 Bd6 6. c5 Be7 7. Nc3 0-0 8. Ne5 Nbd7 9. f4 c6 10. 0-0 Nxe5 11. fxe5 Nd7 12. e4 f6 13. Bh3 Nb8 14. exf6 Bxf6 15. e5 Be7 16. Bf4 b6 17. b4 Na6 18. a3 bxc5 19. dxc5 Nc7 20. Qg4 a5 21. Bh6 Rxf1+ 22. Rxf1 Bf8 23. Rd1 Qe7 24. Ne2 axb4 25. axb4 Ra4 26. Bg5 Qe8 27. Rd4 Ba6 28. Nc3 Ra1+ 29. Rd1 Rxd1+ 30. Nxd1 Qg6 31. Bd8 Qxg4 32. Bxg4 Nb5 33. Bxe6+ Kh8 34. Bd7 Na7 35. e6 Bc8 36. Bb6 Nb5 37. Bxc8 Be7 38. Ne3 g6 39. Kf1 Kg7 40. Ke2 h5 41. Kd3 Kf6 42. Bd7 d4 43. Bxc6 dxe3 44. Bxb5 Kxe6 45. Kxe3 1-0

[Event "URU-ch sf"]
[Site "Montevideo"]
[Date "2017.02.26"]
[Round "5"]
[White "De la Torre, Andres"]
[Black "Torres Acosta, Raul"]
[Result "1/2-1/2"]
[WhiteElo "1692"]
[BlackElo "1680"]
[PlyCount "46"]
[EventDate "2017.02.24"]
[EventType "swiss"]
[EventRounds "8"]
[EventCountry "URU"]
[SourceTitle "CBM 177 Extra"]
[Source "ChessBase"]
[SourceDate "2017.04.27"]
[SourceVersion "1"]
[SourceVersionDate "2017.04.27"]
[SourceQuality "1"]

1. e4 e5 2. Nf3 Nc6 3. Bc4 Be7 4. 0-0 Nf6 5. Re1 0-0 6. d4 exd4 7. Nxd4 Nxd4 8. Qxd4 d6 9. Nc3 b6 10. Bg5 Bb7 11. e5 dxe5 12. Qxd8 Raxd8 13. Rxe5 Bb4 14. Bxf6 Bxc3 15. bxc3 gxf6 16. Re7 Bd5 17. Rxc7 Bxc4 18. Rxc4 Rc8 19. Rg4+ Kh8 20. Rg3 Rfd8 21. Kf1 Rd2 22. Rc1 Rd5 23. Re1 Ra5 1/2-1/2

[Event "Montevideo Duchamp Cup 1st"]
[Site "Montevideo"]
[Date "2017.02.15"]
[Round "9"]
[White "Visillac, Alejandro"]
[Black "Torres Acosta, Raul"]
[Result "1-0"]
[WhiteElo "1811"]
[BlackElo "1680"]
[PlyCount "85"]
[EventDate "2017.02.09"]
[EventType "swiss"]
[EventRounds "9"]
[EventCountry "URU"]
[SourceTitle "CBM 176 Extra"]
[Source "ChessBase"]
[SourceDate "2017.03.02"]
[SourceVersion "1"]
[SourceVersionDate "2017.03.02"]
[SourceQuality "1"]

1. e4 e5 2. Nf3 Nc6 3. Bb5 d6 4. d4 exd4 5. Nxd4 Bd7 6. Nc3 Nf6 7. Bg5 Be7 8. Nf5 Bxf5 9. exf5 0-0 10. Bxc6 bxc6 11. 0-0 Qd7 12. Qf3 Rab8 13. b3 h6 14. Bh4 Rfe8 15. Rfe1 Kf8 16. Re2 Nd5 17. Bxe7+ Rxe7 18. Rxe7 Nxe7 19. f6 Ng6 20. Ne4 Qe6 21. fxg7+ Kxg7 22. Re1 Re8 23. Re3 Ne5 24. Qd1 f5 25. Ng3 Qf7 26. f4 Ng6 27. Nxf5+ Kf8 28. Rxe8+ Kxe8 29. Qg4 Qf6 30. g3 Ne7 31. Qh5+ Kd8 32. Nxe7 Kxe7 33. Qe2+ Kd7 34. Kg2 Qb2 35. a4 c5 36. Qd3 Qd4 37. Qxd4 cxd4 38. Kf3 c5 39. Ke4 Kc6 40. g4 d5+ 41. Ke5 a6 42. h4 c4 43. Kxd4 1-0

[Event "Montevideo Duchamp Cup 1st"]
[Site "Montevideo"]
[Date "2017.02.12"]
[Round "5"]
[White "Beloso, Fabrizio"]
[Black "Torres Acosta, Raul"]
[Result "1/2-1/2"]
[WhiteElo "1897"]
[BlackElo "1680"]
[PlyCount "52"]
[EventDate "2017.02.09"]
[EventType "swiss"]
[EventRounds "9"]
[EventCountry "URU"]
[SourceTitle "CBM 176 Extra"]
[Source "ChessBase"]
[SourceDate "2017.03.02"]
[SourceVersion "1"]
[SourceVersionDate "2017.03.02"]
[SourceQuality "1"]

1. e4 e5 2. Nf3 Nc6 3. Bc4 Be7 4. 0-0 Nf6 5. Nc3 d6 6. h3 0-0 7. d4 exd4 8. Nxd4 Bd7 9. Be3 Ne5 10. Bb3 c6 11. Qd2 Qc7 12. f4 Ng6 13. Rad1 Rad8 14. Qf2 b6 15. Rfe1 Qc8 16. Bc1 h6 17. Qg3 Kh7 18. Nf3 b5 19. f5 Nh8 20. e5 dxe5 21. Rxe5 Ng8 22. Ne4 Bxf5 23. Rxd8 Rxd8 24. Qe1 Ng6 25. Bxf7 Nxe5 26. Nxe5 Nf6 1/2-1/2

[Event "Montevideo Duchamp Cup 1st"]
[Site "Montevideo"]
[Date "2017.02.12"]
[Round "6"]
[White "Torres Acosta, Raul"]
[Black "Quevedo, Andreina"]
[Result "1/2-1/2"]
[WhiteElo "1680"]
[BlackElo "1819"]
[PlyCount "50"]
[EventDate "2017.02.09"]
[EventType "swiss"]
[EventRounds "9"]
[EventCountry "URU"]
[SourceTitle "CBM 176 Extra"]
[Source "ChessBase"]
[SourceDate "2017.03.02"]
[SourceVersion "1"]
[SourceVersionDate "2017.03.02"]
[SourceQuality "1"]

1. e4 e5 2. Nf3 Nc6 3. Nc3 Bc5 4. Bc4 d6 5. Na4 Bb6 6. Nxb6 axb6 7. a3 Bg4 8. h3 Bh5 9. g4 Bg6 10. d3 h6 11. Bd2 Qd7 12. c3 Nge7 13. Qe2 0-0-0 14. b4 Rhe8 15. a4 d5 16. Bb5 dxe4 17. dxe4 Ng8 18. a5 bxa5 19. bxa5 Kb8 20. a6 b6 21. a7+ Ka8 22. Qc4 Re6 23. 0-0 h5 24. Rfd1 Qe8 25. Bg5 Rdd6 1/2-1/2

[Event "URU-chT Interclubes Serie B"]
[Site "Montevideo"]
[Date "2016.09.24"]
[Round "4.52"]
[White "Cano, Carlos2"]
[Black "Torres Acosta, Raul"]
[Result "1-0"]
[WhiteElo "1687"]
[BlackElo "1714"]
[PlyCount "107"]
[EventDate "2016.09.23"]
[EventType "swiss"]
[EventRounds "5"]
[EventCountry "URU"]
[SourceTitle "EXT 2024"]
[Source "ChessBase"]
[SourceDate "2023.10.10"]
[SourceVersion "1"]
[SourceVersionDate "2023.10.10"]
[SourceQuality "1"]

1. e4 e5 2. Nf3 d6 3. Bc4 Be7 4. d3 Nc6 5. Be3 Na5 6. Bb3 Nxb3 7. axb3 f5 8. Nc3 c6 9. d4 fxe4 10. Nxe4 exd4 11. Bxd4 Nf6 12. Bxf6 gxf6 13. Nd4 h5 14. Qe2 Kd7 15. Nf5 Kc7 16. Nxe7 Qxe7 17. Nc3 Re8 18. Qxe7+ Rxe7+ 19. Kd2 Bf5 20. Rhe1 Rxe1 21. Rxe1 Kd7 22. Ne4 Rf8 23. h4 b6 24. b4 d5 25. Ng3 Bg6 26. c3 a6 27. Ne2 c5 28. Nf4 Bf7 29. bxc5 bxc5 30. Nd3 Rc8 31. Ra1 Rc6 32. Rxa6 c4 33. Rxc6 Kxc6 34. Nb4+ Kb5 35. Nc2 Kc5 36. Nd4 Kd6 37. Ke3 Ke5 38. f4+ Kd6 39. Kf3 Be6 40. f5 Bf7 41. Kf4 Ke7 42. g4 hxg4 43. Kxg4 Kf8 44. Ne6+ Kg8 45. Kf4 Kh7 46. Ke3 Kh6 47. Nf4 Bg8 48. Kd4 Bf7 49. Nxd5 Kh5 50. Kxc4 Kg4 51. b4 Kxf5 52. Kd4 Ke6 53. b5 Kd6 54. Nxf6 1-0

[Event "American Continental 11th"]
[Site "Montevideo"]
[Date "2015.05.23"]
[Round "10"]
[White "Croes, Octavio"]
[Black "Torres Acosta, Raul"]
[Result "1/2-1/2"]
[WhiteElo "1887"]
[BlackElo "1677"]
[PlyCount "52"]
[EventDate "2015.05.15"]
[EventType "swiss"]
[EventRounds "11"]
[EventCountry "URU"]
[SourceTitle "CBM 167"]
[Source "ChessBase"]
[SourceDate "2015.07.13"]
[SourceVersion "1"]
[SourceVersionDate "2015.07.13"]
[SourceQuality "1"]

1. d4 Nf6 2. c4 e6 3. Nf3 d5 4. g3 Be7 5. Bg2 0-0 6. 0-0 c6 7. b3 Nbd7 8. Qc2 b6 9. Re1 Qc7 10. Bb2 Bd6 11. cxd5 exd5 12. Nbd2 Re8 13. e4 dxe4 14. Ng5 h6 15. Ngxe4 Bb7 16. Nxd6 Qxd6 17. Nc4 Qc7 18. Ne5 Rac8 19. Rac1 Nxe5 20. dxe5 Nd7 21. Bh3 Rcd8 22. e6 Nc5 23. Qc4 Nxe6 24. Bxe6 Rxe6 25. Rxe6 fxe6 26. Qxe6+ Qf7 1/2-1/2

[Event "American Continental 11th"]
[Site "Montevideo"]
[Date "2015.05.20"]
[Round "7"]
[White "Torres Acosta, Raul"]
[Black "Diaz, Maria MA"]
[Result "0-1"]
[WhiteElo "1677"]
[BlackElo "1963"]
[PlyCount "68"]
[EventDate "2015.05.15"]
[EventType "swiss"]
[EventRounds "11"]
[EventCountry "URU"]
[SourceTitle "CBM 167"]
[Source "ChessBase"]
[SourceDate "2015.07.13"]
[SourceVersion "1"]
[SourceVersionDate "2015.07.13"]
[SourceQuality "1"]

1. e4 d6 2. d4 Nf6 3. Nc3 g6 4. Nf3 Bg7 5. Bc4 0-0 6. Bb3 c5 7. dxc5 Qa5 8. Bd2 Qxc5 9. 0-0 Bg4 10. h3 Bxf3 11. Qxf3 Nc6 12. Be3 Qa5 13. Rad1 Rad8 14. Ne2 Ne5 15. Qf4 h6 16. Bd4 Ned7 17. Qe3 Kh7 18. Bc3 Qc5 19. Bd4 Qc7 20. f3 a6 21. f4 e5 22. fxe5 dxe5 23. Qc3 Qb8 24. Be3 Nxe4 25. Qc4 Nd6 26. Qb4 Nf5 27. Bb6 Nxb6 28. Qxb6 Rxd1 29. Rxd1 Qc8 30. g4 Nd4 31. Nxd4 exd4 32. Rf1 Qd7 33. Bc4 d3 34. Bxd3 Bd4+ 0-1

[Event "American Continental 11th"]
[Site "Montevideo"]
[Date "2015.05.16"]
[Round "2"]
[White "Monteiro, Artur Fernando"]
[Black "Torres Acosta, Raul"]
[Result "1-0"]
[WhiteElo "1972"]
[BlackElo "1677"]
[PlyCount "64"]
[EventDate "2015.05.15"]
[EventType "swiss"]
[EventRounds "11"]
[EventCountry "URU"]
[SourceTitle "CBM 167"]
[Source "ChessBase"]
[SourceDate "2015.07.13"]
[SourceVersion "1"]
[SourceVersionDate "2015.07.13"]
[SourceQuality "1"]

1. e4 e5 2. d4 exd4 3. c3 d6 4. cxd4 Be7 5. Nc3 Nf6 6. h3 Nbd7 7. Nf3 0-0 8. Bd3 b6 9. e5 dxe5 10. dxe5 Ne8 11. Be4 Rb8 12. Qc2 g6 13. Bh6 Ng7 14. 0-0-0 Bb7 15. Bxb7 Rxb7 16. Qe4 Qc8 17. Rxd7 Qxd7 18. Qxb7 Rd8 19. Rd1 Qf5 20. Nd5 Qe6 21. Nxe7+ Qxe7 22. Rxd8+ Qxd8 23. Bg5 Qd7 24. Qa8+ Ne8 25. Bh6 Qe6 26. Kb1 Qd7 27. a3 Qa4 28. Ng5 Qd1+ 29. Ka2 Qd7 30. Ne4 Qe6+ 31. Ka1 f5 32. exf6 Kf7 1-0

[Event "URU-chT Departamental"]
[Site "Punta del Este"]
[Date "2014.11.09"]
[Round "5.74"]
[White "Torres Acosta, Raul"]
[Black "Ponce, Leonardo"]
[Result "1-0"]
[WhiteElo "1587"]
[BlackElo "1788"]
[PlyCount "67"]
[EventDate "2014.11.07"]
[EventType "team-swiss"]
[EventRounds "5"]
[EventCountry "URU"]
[SourceTitle "EXT 2017"]
[Source "ChessBase"]
[SourceDate "2016.10.25"]
[SourceVersion "1"]
[SourceVersionDate "2016.10.25"]
[SourceQuality "1"]

1. e4 e6 2. Be2 d5 3. exd5 exd5 4. Nf3 Bd6 5. d4 Nf6 6. 0-0 Bf5 7. Nc3 c6 8. Re1 0-0 9. Bd3 Bxd3 10. Qxd3 Nbd7 11. Bg5 Qc7 12. Re2 Nh5 13. g3 Nhf6 14. Qd2 Rae8 15. Rae1 Rxe2 16. Rxe2 b5 17. Qe1 b4 18. Nd1 Ne4 19. Be3 f5 20. Nd2 f4 21. Nxe4 dxe4 22. Bd2 Nf6 23. Bxb4 f3 24. Bxd6 Qxd6 25. Rd2 Qe6 26. b3 Qh3 27. Qf1 Qh6 28. Ne3 Nd5 29. Qe1 Nc3 30. a3 Qg6 31. d5 cxd5 32. Nxd5 Ne2+ 33. Rxe2 fxe2 34. Ne7+ 1-0

[Event "URU-chT Clubs"]
[Site "Punta del Este"]
[Date "2014.08.23"]
[Round "1.43"]
[White "Izquierdo, Sebastian"]
[Black "Torres Acosta, Raul"]
[Result "1-0"]
[WhiteElo "2014"]
[BlackElo "1590"]
[PlyCount "57"]
[EventDate "2014.08.23"]
[EventType "team-swiss"]
[EventRounds "5"]
[EventCountry "URU"]
[SourceTitle "EXT 2017"]
[Source "ChessBase"]
[SourceDate "2016.10.25"]
[SourceVersion "1"]
[SourceVersionDate "2016.10.25"]
[SourceQuality "1"]

1. c4 Nf6 2. Nc3 e6 3. g3 Nc6 4. Bg2 d5 5. cxd5 exd5 6. d4 Bb4 7. Bg5 Bxc3+ 8. bxc3 Be6 9. Qb3 Rb8 10. Bxf6 Qxf6 11. Rb1 Ne7 12. Qa4+ Nc6 13. Rxb7 Bd7 14. Rxb8+ Nxb8 15. Qxa7 0-0 16. Nf3 Be6 17. 0-0 Rc8 18. Ne5 Qd8 19. Rb1 f6 20. Nd3 Nd7 21. Nf4 Bf7 22. Nxd5 Kh8 23. Ne3 Rb8 24. Rxb8 Nxb8 25. a4 Be8 26. Qa8 c6 27. a5 Bd7 28. a6 Bc8 29. Qxb8 1-0

[Event "Pan American-ch Amateur"]
[Site "Montevideo"]
[Date "2013.10.28"]
[Round "8"]
[White "Torres Acosta, Raul"]
[Black "Guidali, Leonardo"]
[Result "1-0"]
[WhiteElo "1549"]
[BlackElo "1769"]
[PlyCount "57"]
[EventDate "2013.10.24"]
[EventType "swiss"]
[EventRounds "9"]
[EventCountry "URU"]
[SourceTitle "EXT 2014"]
[Source "ChessBase"]
[SourceDate "2013.11.20"]
[SourceVersion "1"]
[SourceVersionDate "2013.11.20"]
[SourceQuality "1"]

1. e4 c5 2. Nf3 Nc6 3. Bc4 d6 4. d4 cxd4 5. Nxd4 Nf6 6. Nxc6 bxc6 7. Nc3 e6 8. e5 dxe5 9. Qxd8+ Kxd8 10. 0-0 Nd5 11. Rd1 Bb4 12. Na4 Ke7 13. c3 Ba5 14. b4 Bb6 15. Ba3 Kf6 16. Bb3 g6 17. c4 Ne7 18. Rd3 e4 19. Bb2+ e5 20. Nxb6 axb6 21. Rd6+ Be6 22. Re1 c5 23. Rxe4 Nf5 24. Rxe5 Ke7 25. Rxb6 Rhd8 26. Rxc5 Rxa2 27. Rc7+ Kf8 28. Bf6 Ra3 29. g3 1-0